| 000 | 00505nam a2200181Ia 4500 | ||
|---|---|---|---|
| 005 | 20250326123903.0 | ||
| 008 | 250326s9999 xx 000 0 und d | ||
| 037 | _aTextbook | ||
| 040 |
_aFMSL _beng _cFMSL |
||
| 041 |
_aeng _2eng |
||
| 084 |
_aS8:86z7 K9 _qFMSL |
||
| 100 |
_aFoulkes S H _9139125 |
||
| 245 | 0 |
_aPsychiatry in a changing society _cFoulkes S H; Prince G S |
|
| 260 |
_aNY _bNY, Tavistock _c1969 |
||
| 300 | _a211p | ||
| 942 |
_cTB _hS8:86z7 K9 |
||
| 999 |
_c1271347 _d1271347 |
||